Norma Chilena Oficial NCh 399. Of94

Na minha lista:
Detalhes bibliográficos
Autor Corporativo: Instituto Nacional de Normalización (Author)
Formato: Livro
Idioma:espanhol
Publicado em: Santiago Instituto Nacional de Normalización 1994
Assuntos:
Tags: Adicionar Tag
Sem tags, seja o primeiro a adicionar uma tag!

MARC

LEADER 00000nam a2200000 a 4500
001 UCN0165
003 CL-VaPUC
008 010316e19940000CL |||||||||||||||||spa|d
082 0 4 |a 696.1  |b INS  |2 21 
110 2 |a Instituto Nacional de Normalización  |e author  |9 455501 
245 1 0 |a Norma Chilena Oficial NCh 399. Of94 
246 1 0 |a Tubos de poli, cloruro de vinilo, PVC, rígido, para conducción de fluidos a presión - requisitos 
246 1 0 |a Unplasticized polyvinil chloride, PVC, pressure pipes - requirements 
300 |a 15 p 
942 |c BK 
945 |d 20010316 00:00:00  |a cmena 
260 |a Santiago  |b Instituto Nacional de Normalización  |c 1994 
650 0 |a Tuberías  |9 259420 
650 7 |a TUBOS PLASTICOS  |2 CL-VaPUC  |9 455502 
650 7 |a TUBERIAS A PRESION  |2 CL-VaPUC  |9 455503 
650 0 |a Policloruro de vinilo  |9 455504 
583 |a last modification  |c 20010316 00:00:00  |k Rodrigo Vera 
999 |c 294101  |d 294099 
952 |0 0  |1 0  |4 0  |6 696_100000000000000_INS_1994  |7 0  |8 X  |9 345956  |a BIBING  |b BIBING  |d 2019-11-20  |i 356536K  |o 696.1 INS 1994  |p 356536K  |r 2025-01-20  |w 2019-11-20  |y BK_X  |k CCL 
952 |0 0  |1 0  |4 0  |6 696_100000000000000_INS_1994  |7 0  |8 X  |9 345957  |a BIBING  |b BIBING  |d 2019-11-20  |i 3565262  |o 696.1 INS 1994  |p 3565262  |r 2025-01-20  |w 2019-11-20  |y BK_X  |k CCL